00666nam a22001697a 4500003000200000005001700002008004100019050003300060100003000093245011500123260007300238300003800311504004200349650002200391650003800413650004500451020250114095219.0231018b xxu||||| |||| 00| 0 eng d aPHS PN 1993.5.T28b.T33 2023 aTabuena, Lucas Mikkel E.  aThe Taiwanese new wave: an evolution of Taiwanese society through cinema (1980-2001)c Lucas Mikkel E. Tabuena aLas Pinas CitybSouthville International School and Collegescc2023. a119 pages :bcol. ill. ;c30 cm.  aIncludes bibliographical references.  aCinemavResearch. aMotion pictureszTaiwanvHistory. aMotion picturesvSocial aspectszTaiwan.